00281nam a2200121Ia 4500008004100000082001500041100002300056245002800079250000900107260002700116300000800143650000800151191201s2005 xx 000 0 und d a658.5bHEO aHELLERIGAL, Slocum 0aOrganizational Behavior a10th aN.DelhibThomsonc2005 a460 aMBA